Menová politika a rozpočtová politika
Menová politika štátu ako integrálna súčasť celkovej hospodárskej politiky. Konflikt záujmov medzi rozpočtovou a menovou politikou. Vplyv menovej politiky na agregátny dopyt. Ovplyvňovanie agregátneho dopytu fiškálnou (rozpočtovou) politikou. Názory ekonómov na deficitný štátny rozpočet. Hodnotenie...
Uložené v:
| Hlavný autor: | |
|---|---|
| Médium: | Kapitola |
| Jazyk: | Slovak |
| Predmet: | |
| Tagy: |
Žiadne tagy, Buďte prvý, kto otaguje tento záznam!
|
MARC
| LEADER | 00000naa a2200000 4500 | ||
|---|---|---|---|
| 001 | r033033 | ||
| 005 | 20230809080910.4 | ||
| 041 | 0 | |a slo | |
| 044 | |a SK | ||
| 245 | 1 | 0 | |a Menová politika a rozpočtová politika |c Otto Sobek |
| 520 | |a Menová politika štátu ako integrálna súčasť celkovej hospodárskej politiky. Konflikt záujmov medzi rozpočtovou a menovou politikou. Vplyv menovej politiky na agregátny dopyt. Ovplyvňovanie agregátneho dopytu fiškálnou (rozpočtovou) politikou. Názory ekonómov na deficitný štátny rozpočet. Hodnotenie deficitu štátneho rozpočtu. Otázky reálnej (konečnej) účinnosti štátnych investícií. Názory na rozsah vytláčania súkromných investícií štátnymi (crowding out). | ||
| 610 | 2 | 0 | |a politika fiškálna |
| 610 | 2 | 0 | |a politika rozpočtová |
| 610 | 2 | 0 | |a politika hospodárska |
| 610 | 2 | 0 | |a konflikt záujmov |
| 610 | 2 | 0 | |a politika menová |
| 610 | 2 | 0 | |a deficit rozpočtový |
| 610 | 2 | 0 | |a zadlženosť |
| 610 | 2 | 0 | |a investície |
| 610 | 2 | 0 | |a investície verejné |
| 100 | 1 | |a Sobek, Otto | |